Baby Names: Then & Now (A-Z) Quiz Stats

Quiz Updated Feb 20, 2013

Challenge
Share
Tweet
Embed
Score 0/102 Timer 12:00
3 Plays Today
Sex Name & year % Correct
Boys 2009
(1st letter & rank)
Michael
69.1%
Boys 1970
(1st letter & rank)
Michael
69.1%
Boys 1970
(1st letter & rank)
James
65.9%
Boys 2009
(1st letter & rank)
William
64.3%
Boys 1970
(1st letter & rank)
William
64.3%
Boys 1970
(1st letter & rank)
David
60.3%
Boys 1970
(1st letter & rank)
Robert
56.1%
Boys 1970
(1st letter & rank)
Thomas
54.8%
Boys 2009
(1st letter & rank)
Daniel
53.8%
Boys 1970
(1st letter & rank)
Paul
53.2%
Boys 1970
(1st letter & rank)
Frank
52%
Boys 2009
(1st letter & rank)
Christopher
51.6%
Boys 1970
(1st letter & rank)
Christopher
51.6%
Girls 1970
(1st letter & rank)
Elizabeth
51.5%
Girls 1970
(1st letter & rank)
Jennifer
48.1%
Boys 2009
(1st letter & rank)
Alexander
45.9%
Boys 2009
(1st letter & rank)
Zachary
45.3%
Boys 1970
(1st letter & rank)
Zachary
45.3%
Boys 2009
(1st letter & rank)
Jacob
44.3%
Boys 1970
(1st letter & rank)
Brian
44.2%
Boys 2009
(1st letter & rank)
Xavier
43.5%
Boys 1970
(1st letter & rank)
Xavier
43.5%
Girls 2009
(1st letter & rank)
Emma
43.5%
Boys 2009
(1st letter & rank)
Victor
43.2%
Girls 2009
(1st letter & rank)
Olivia
41.7%
Boys 2009
(1st letter & rank)
Kevin
38.1%
Boys 1970
(1st letter & rank)
Kevin
38.1%
Boys 2009
(1st letter & rank)
Samuel
37.4%
Girls 1970
(1st letter & rank)
Amy
37.2%
Boys 1970
(1st letter & rank)
Henry
36.8%
Boys 2009
(1st letter & rank)
Benjamin
34.5%
Girls 2009
(1st letter & rank)
Isabella
34.2%
Girls 2009
(1st letter & rank)
Victoria
34.1%
Girls 1970
(1st letter & rank)
Victoria
34.1%
Sex Name & year % Correct
Boys 1970
(1st letter & rank)
Eric
33.7%
Boys 1970
(1st letter & rank)
Nicholas
33.8%
Girls 2009
(1st letter & rank)
Hannah
33.4%
Boys 1970
(1st letter & rank)
Gregory
33.1%
Boys 2009
(1st letter & rank)
Ethan
32.7%
Girls 2009
(1st letter & rank)
Zoe
32.4%
Girls 1970
(1st letter & rank)
Zoe
32.4%
Boys 1970
(1st letter & rank)
Anthony
31%
Boys 2009
(1st letter & rank)
Ryan
31%
Girls 1970
(1st letter & rank)
Michelle
30%
Girls 1970
(1st letter & rank)
Susan
30%
Girls 1970
(1st letter & rank)
Lisa
29.7%
Girls 1970
(1st letter & rank)
Patricia
29%
Girls 1970
(1st letter & rank)
Rebecca
28.9%
Boys 2009
(1st letter & rank)
Quinn
27.2%
Girls 2009
(1st letter & rank)
Quinn
27.2%
Girls 1970
(1st letter & rank)
Christine
27%
Boys 1970
(1st letter & rank)
Ian
26%
Girls 2009
(1st letter & rank)
Madison
25.5%
Girls 2009
(1st letter & rank)
Julia
24.7%
Boys 1970
(1st letter & rank)
Vincent
23.6%
Girls 1970
(1st letter & rank)
Nicole
23.5%
Boys 2009
(1st letter & rank)
Isaac
23.2%
Girls 1970
(1st letter & rank)
Wendy
22.7%
Boys 2009
(1st letter & rank)
Tyler
22.3%
Boys 1970
(1st letter & rank)
Quentin
22%
Boys 1970
(1st letter & rank)
Oscar
21.8%
Girls 2009
(1st letter & rank)
Grace
21.4%
Boys 1970
(1st letter & rank)
Larry
21%
Girls 2009
(1st letter & rank)
Taylor
20.9%
Girls 1970
(1st letter & rank)
Heather
20.7%
Girls 2009
(1st letter & rank)
Ava
18.4%
Girls 1970
(1st letter & rank)
Yolanda
18.3%
Girls 1970
(1st letter & rank)
Kimberly
17.5%
Sex Name & year % Correct
Girls 2009
(1st letter & rank)
Natalie
17.5%
Boys 2009
(1st letter & rank)
Owen
17.3%
Girls 1970
(1st letter & rank)
Ursula
17%
Boys 1970
(1st letter & rank)
Scott
16.7%
Girls 1970
(1st letter & rank)
Brenda
16.6%
Girls 2009
(1st letter & rank)
Chloe
16%
Girls 2009
(1st letter & rank)
Sophia
15.8%
Girls 2009
(1st letter & rank)
Lily
15%
Boys 2009
(1st letter & rank)
Gabriel
14.5%
Girls 2009
(1st letter & rank)
Brianna
13.4%
Boys 2009
(1st letter & rank)
Noah
13.4%
Girls 1970
(1st letter & rank)
Irene
13.1%
Boys 1970
(1st letter & rank)
Ulysses
10.3%
Girls 2009
(1st letter & rank)
Faith
10.3%
Girls 1970
(1st letter & rank)
Gina
9.5%
Girls 1970
(1st letter & rank)
Tammy
9.4%
Boys 2009
(1st letter & rank)
Logan
8.9%
Girls 2009
(1st letter & rank)
Riley
8.4%
Boys 2009
(1st letter & rank)
Hunter
7.7%
Girls 1970
(1st letter & rank)
Dawn
6.7%
Girls 2009
(1st letter & rank)
Destiny
6.4%
Girls 2009
(1st letter & rank)
Peyton
6.1%
Boys 2009
(1st letter & rank)
Parker
5.9%
Girls 2009
(1st letter & rank)
Kaylee
5.9%
Girls 2009
(1st letter & rank)
Willow
5.9%
Girls 1970
(1st letter & rank)
Felicia
5.4%
Boys 1970
(1st letter & rank)
Yancy
4.2%
Girls 1970
(1st letter & rank)
Olga
3.7%
Boys 2009
(1st letter & rank)
Fernando
3%
Girls 2009
(1st letter & rank)
Unique
2.7%
Boys 2009
(1st letter & rank)
Uriel
2.3%
Girls 2009
(1st letter & rank)
Ximena
1.9%
Boys 2009
(1st letter & rank)
Yahir
1.4%
Girls 2009
(1st letter & rank)
Yaretzi
1.1%

You're not logged in!

Compare scores with friends on all Sporcle quizzes.
Sign Up with Email
OR
Log In

You Might Also Like...

Show Comments

Extras

Top Quizzes Today


Score Distribution

Your Account Isn't Verified!

In order to create a playlist on Sporcle, you need to verify the email address you used during registration. Go to your Sporcle Settings to finish the process.

Report this User

Report this user for behavior that violates our Community Guidelines.

Details: